| 000 | 00631nam a22001817a 4500 | ||
|---|---|---|---|
| 005 | 20251108173008.0 | ||
| 008 | 250721s1997 xx 000 0 ara d | ||
| 082 | 1 | 4 | _a616.075/ساب |
| 100 | 1 | _aسابيلا، أنطون إلياس | |
| 245 | 1 | 0 | _aمدخل إلى التصوير التشخيصي بالرنين المغناطيسي / |
| 264 | 1 |
_aبيروت : _bالمؤسسة العربية للدراسات و النشر، _c1997. |
|
| 300 | _a165ص | ||
| 650 | 1 | 7 | _aتشخيص الأمراض |
| 650 | 1 | 7 | _aالتصوير بالطنين المغنطيسي |
| 650 | 1 | 7 | _aالأمراض |
| 942 |
_2ddc _cBK |
||
| 999 |
_c93625 _d93625 |
||